LOTR: Samwise Gamgee - Statistics

General Stats
  • This quiz has been taken 53 times
  • The average score is 15 of 19
Answer Stats
Answer % Correct
The pony Sam tended to from to Rivendell and further to the gates of Moria Bill the pony
98%
his profession gardener
98%
his wife Rosie Cotton
98%
his master Frodo Baggins
96%
The creature living at Cirith Ungol, which Sam wounded in defense of his master Shelob
96%
The estate Sam inherits from his master Bag End
93%
How many children does he have 13
91%
in which town is his estate located Hobbiton
91%
PO-TAY-TOES! {Boil} 'em,
82%
Another gift from the elves of Lothlorien. An item Sam forgot to bring from Rivendell elven rope
82%
his father Hamfast "Gaffer" Gamgee
82%
stick 'em in a {stew}!
82%
{mash} 'em,
76%
Sam served the Shire in this function for seven seven-year terms Mayor of Michel Delving
73%
his eldest child Elanor "the Fair"
69%
The actor who played Sam in Peter Jackson's trilogy Sean Astin
69%
The gift Galadriel presented specifically to Sam when the Fellowship departed from Lothlorien a small grey wooden box with earth from Galadriel's orchard and a silver nut from a Mallorn tree
56%
Where does Sam live before leaving the shire on his quest (street name)? nr. 3 Bagshot Row
47%
his mother Bell Goodchild
18%
No matching quizzes found
Score Distribution
Percent of People with Each Score
Percentile by Number Answered
Your Score History
You have not taken this quiz